00296nam a2200121Ia 4500008004100000020001500041041001200056100001700068245003900085260003500124300000800159650000700167221030s9999 xx 000 0 und d a9352866465 aEnglish aH. K. Khalil 0aNonlinear Controlcby H. K. Khalil bPearson EducationaNoidac2019 a398 aEE